| 000 | 00542nam a2200169Ia 4500 | ||
|---|---|---|---|
| 003 | GCL | ||
| 008 | 140319s9999 xx 000 0 ara d | ||
| 040 |
_aGCL / _cGCL |
||
| 082 | 0 | 4 |
_a809.914 _bب خ |
| 100 | 1 | _aبورا، سيرموريس | |
| 245 | 1 | 0 |
_aالخيال الرومانسى / _cبورا، سيرموريس |
| 700 | 1 | _aابراهيم الصيرفى | |
| 490 |
_aالهيئة العامة للاستعلامات _v0 |
||
| 650 | 0 | 4 | _aالادب |
| 650 | 0 | 4 | _aالرومانتيكية فى الادب العربى |
| 942 |
_2ddc _cBK |
||
| 999 |
_c47287 _d47287 |
||